000
00258nam a22001217a 4500
008
170906b xxu||||| |||| 00| 0 eng d
041
_a
eng
080
_a
72
100
_a
41
101
_a
ARK
245
_a
CORRIIDORS OF TIME
_c
REDFEN.R
942
_2
udc
_c
BK
999
_c
26314
_d
26314